Knee Surgery (Record no. 31882)

MARC details
000 -LEADER
fixed length control field 00670nam a2200181 a 4500
008 - FIXED-LENGTH DATA ELEMENTS--GENERAL INFORMATION
fixed length control field 170314s2014 ||||||||||||||||| || u
020 ## - INTERNATIONAL STANDARD BOOK NUMBER
International Standard Book Number 9789351522256
050 ## - LIBRARY OF CONGRESS CALL NUMBER
Classification number RD 561 Raj
100 ## - MAIN ENTRY--PERSONAL NAME
Personal name Rajgopal, Ashok
245 10 - TITLE STATEMENT
Title Knee Surgery
Statement of responsibility, etc. By Ashok Rajgopal
260 ## - PUBLICATION, DISTRIBUTION, ETC.
Place of publication, distribution, etc. New Delhi:
Name of publisher, distributor, etc. Jaypee Brothers Medical publishers
Date of publication, distribution, etc. 2014
300 ## - PHYSICAL DESCRIPTION
Extent xxv, 619p.: ill.
350 ## -
-- 225.00
500 ## - GENERAL NOTE
General note Accompanied by a CD-ROM
650 ## - SUBJECT ADDED ENTRY--TOPICAL TERM
Topical term or geographic name entry element KNEE--SURGERY
650 ## - SUBJECT ADDED ENTRY--TOPICAL TERM
Topical term or geographic name entry element KNEE--WOUNDS AND INJURIES
995 ## -
-- MEDICAL LIBRARY OPEN ACCESS
-- 903692
-- CBU-SCHOOL OF MEDICINE LIBRARY (Ndola)
-- 225.00
-- RD 561 Raj
-- 1
-- AVAILABLE
-- Mar 16, 2017
-- 903692
-- Medical Library Open Access Collection
999 ## -
-- 31882
-- 31882
Holdings
Withdrawn status Lost status Source of classification or shelving scheme Damaged status Not for loan Permanent Location Current Location Shelving location Date acquired Total Checkouts Full call number Barcode Date last seen Price effective from Koha item type
          CBU-SCHOOL OF MEDICINE LIBRARY, NDOLA. CBU-SCHOOL OF MEDICINE LIBRARY, NDOLA.   11/30/2022   RD 561 Raj 903692 11/30/2022 11/30/2022 MONOGRAPH